000 00608nam a2200229Ia 4500
003 BUBTL
008 151213s9999 xx 000 0 und d
020 _a0-85264-227-X
082 _a677.02825TRD
100 _aE.R.Trotman
245 _aDyeing And Chemical Technology of Textile Fibres
_cE.R.Trotman
250 _a5th
260 _aLondon
_bCharles Griffin & Company Ltd
_cc2010
300 _a[xii],709p.
_bills.
_c20cm.
650 _aTextiles
650 _aTextiles
700 _aE.R.Trotman
760 _b5th
856 _k0
_l0
_yDownload
942 _2ddc
_cBK
999 _c3971
_d3971